| 000 | 01282nam0a2200337 4500 | ||
|---|---|---|---|
| 001 | RU\NLR\bibl\1455611 | ||
| 005 | 20250615233154.0 | ||
| 010 |
_a978-5-9613-0098-7 _9100 |
||
| 021 |
_aRU _b2009-89291 _95622 |
||
| 035 | _a(NLR Aleph) 001447416 | ||
| 090 |
_a1501478 _c1501478 |
||
| 100 | _a20091221d2009 |||y0rusy50 ca | ||
| 101 | 0 | _arus | |
| 102 | _aRU | ||
| 105 | _aa ||||||||| | ||
| 200 | 1 |
_aНалогообложение имущества юридических лиц в России _fР.Р. Яруллин |
|
| 210 |
_aУфа _cМир печати _d2009 |
||
| 215 |
_a346 с., [1] л. табл. _cпортр. _d20 |
||
| 300 | _aНа 3-й с. авт.: Р.Р. Яруллин, д.э.н., проф. | ||
| 320 | _aБиблиогр.: с. 326-345 (310 назв.) | ||
| 320 | _aДр. книги авт.: с. 3-4 | ||
| 606 | 1 |
_aНалог на имущество предприятий _yРоссийская Федерация _91687494 _3RU\NLR\auth\661048396 |
|
| 686 | _aХ622.251 | ||
| 686 | _aУ26(2)141.33 | ||
| 700 | 1 |
_aЯруллин _bР. Р. _f1961- _gРауль Рафаэлович _4070 |
|
| 801 | 0 |
_aRU _bNLR _c20091221 _gRCR |
|
| 801 | 1 |
_aRU _bNLR _c20091221 |
|
| 830 | _aавт. по кн., г.р. по ЭК | ||
| 942 | _cBOOK | ||
| 980 | _aNB | ||